| 000 | 01328cam a2200361 a 4500 | ||
|---|---|---|---|
| 001 | 7003 | ||
| 003 | FISKH | ||
| 005 | 20250617101916.0 | ||
| 008 | 061027s2007 coua j 000 1 eng d | ||
| 010 | _a 2006937446 | ||
| 020 | _a9780977039128 (hardcover) | ||
| 040 |
_aQBX _cQBX _dDLC _beng |
||
| 050 | _aPZ7.H76332 Y | ||
| 082 | _a158.1 | ||
| 100 | 1 | _aHoog, Mark E. | |
| 245 | 1 | 0 |
_aYour song / _cwritten by Mark E. Hoog ; illustrated by Robert J. Aukerman. |
| 260 |
_aColorado : _bGrowing Field Books, _c2007. |
||
| 300 |
_a38 pages : _bcolor illustrations ; _c23 x 28 cm. |
||
| 490 | 0 | _aA growing field adventure | |
| 505 | _aJ | ||
| 520 | _aIn the magical Growing Field, a young boy learns he has much in common with Nightingale, a young eagle just learning to fly. Together with a fox, lion and cheetah, Maxx and Nightingale discover their own unique ablilities. | ||
| 521 | 8 |
_a450
_bLexile estimate |
|
| 521 | 8 |
_aJ
_bRaz-Plus |
|
| 650 | 0 |
_aSelf-actualization (Psychology) _vJuvenile fiction. |
|
| 650 | 0 |
_aSelf-esteem _vJuvenile fiction. |
|
| 650 | 0 |
_aAbility _vJuvenile fiction. |
|
| 650 | 1 |
_aSelf-esteem _vFiction. |
|
| 650 | 1 |
_aAbility _vFiction. |
|
| 700 | 1 |
_aAukerman, Robert J., _eillustrator |
|
| 906 |
_a7 _bcbc _ccopycat _d2 _eepcn _f20 _gy-gencatlg |
||
| 942 |
_2ddc _cBK _n0 |
||
| 999 |
_c7003 _d7003 |
||